|
|
|
|
| LEADER |
01512nam a22003137a 4500 |
| 001 |
32910 |
| 003 |
BD-DhAAL |
| 005 |
20250814203720.0 |
| 008 |
180404t2017 bd ||||| |||| 00| 0 ben d |
| 020 |
|
|
|a 9789849277255
|
| 040 |
|
|
|a BD-DhAAL
|c BD-DhAAL
|
| 041 |
|
|
|a ben
|
| 082 |
|
|
|a 891.441
|2 22
|
| 100 |
|
|
|a গুন, নির্মলেন্দু
|d ১৯৪৫-
|9 17736
|
| 245 |
|
|
|a কাব্যসমগ্র.
|n ২য় খণ্ড /
|c নির্মলেন্দু গুন.
|
| 250 |
|
|
|a চতুর্থ সংস্করণ
|
| 260 |
|
|
|a ঢাকা :
|b কাকলী প্রকাশনী,
|c c২০১৭
|
| 300 |
|
|
|a ৪০০ পৃষ্ঠা ;
|c ২২ সে.মি.
|
| 362 |
|
|
|a Vol. 2
|
| 500 |
|
|
|a প্রথম প্রকাশ - ১৯৯৩
|
| 500 |
|
|
|a প্রচ্ছদশিল্পী - সমর মজুমদার
|
| 526 |
|
|
|a OCA
|
| 541 |
|
|
|a Office of Co-curricular Activities
|e 32910
|
| 650 |
|
|
|a Bengali poetry
|9 17737
|
| 852 |
|
|
|a Ayesha Abed Library
|c General Stacks
|
| 942 |
|
|
|2 ddc
|c BK
|
| 999 |
|
|
|c 39180
|d 39180
|
| 952 |
|
|
|0 0
|1 0
|2 ddc
|4 0
|6 891_441000000000000_GOO
|7 0
|9 63017
|a BRACUL
|b BRACUL
|c GEN
|d 2018-03-29
|e Office of Co-Curricular Activities
|g 325.00
|l 3
|m 3
|o 891.441 GOO
|p 3010032910
|r 2026-03-01
|s 2026-02-22
|t 1
|v 325.00
|w 2018-03-29
|y BK
|
| 952 |
|
|
|0 0
|1 0
|2 ddc
|4 0
|6 891_441000000000000_GOO
|7 0
|9 63131
|a BRACUL
|b BRACUL
|c GEN
|d 2018-04-11
|e Kakali Prokashoni
|g 325.00
|l 2
|m 13
|o 891.441 GOO
|p 3010032970
|r 2022-06-08
|s 2020-03-05
|t 2
|v 325.00
|w 2018-04-11
|y BK
|